[Event "Milan Crespi op-B 34th"]
[Site "Milan"]
[Date "2013.12.08"]
[Round "6"]
[White "Verderame, Alberto"]
[Black "Borgognoni, Domenico"]
[Result "0-1"]
[WhiteElo "1462"]
[BlackElo "1518"]
[PlyCount "42"]
[EventDate "2013.12.04"]
[EventType "swiss"]
[EventRounds "7"]
[EventCountry "ITA"]
[SourceTitle "EXT 2015"]
[Source "ChessBase"]
[SourceDate "2014.11.20"]
[SourceVersion "1"]
[SourceVersionDate "2014.11.20"]
[SourceQuality "1"]

1. Nf3 d5 2. d4 Nf6 3. b3 e6 4. Bb2 c6 5. e3 Bd6 6. Bd3 Qc7 7. Nbd2 Nbd7 8. c4 b6 9. Qe2 0-0 10. a3 Re8 11. b4 e5 12. e4 exd4 13. Bxd4 Bb7 14. 0-0 dxe4 15. Nxe4 Nxe4 16. Bxe4 c5 17. Bxh7+ Kxh7 18. Ng5+ Kg8 19. Qh5 Nf8 20. Bb2 Be5 21. Bxe5 Rxe5 0-1